Big in Japan (Record no. 77488)

MARC details
000 -LEADER
fixed length control field 00924cab a2200205 4500
001 - CONTROL NUMBER
control field ##L134372
008 - FIXED-LENGTH DATA ELEMENTS--GENERAL INFORMATION
fixed length control field 060801n2006 000 0 eng u
035 ## - SYSTEM CONTROL NUMBER
System control number (Sirsi) u134372
041 0# - LANGUAGE CODE
Language code of text/sound track or separate title eng
100 1# - MAIN ENTRY--PERSONAL NAME
Personal name Greig-Smith, Heather
245 00 - TITLE STATEMENT
Title Big in Japan
260 ## - PUBLICATION, DISTRIBUTION, ETC.
Date of publication, distribution, etc. 2006
490 #0 - SERIES STATEMENT
Series statement Property Week
Volume/sequential designation 71(30) 28 July 2006, 31-40(9)
520 ## - SUMMARY, ETC.
Summary, etc. Reports on the revival of significance of Japan for the UK property industry. Looks at the cultural differences between Japan and Europe which make business problematic; difficulties encountered by some retailers in trying to enter the Japanese market; multi-storey industrial facilities; the grand scale and fast pace of office development in Tokyo; and the impact of the recovering economy on the investment market.
590 ## - LOCAL NOTE (RLIN)
Local note IKA010806
651 #4 - SUBJECT ADDED ENTRY--GEOGRAPHIC NAME
Geographic name JAPAN
651 #4 - SUBJECT ADDED ENTRY--GEOGRAPHIC NAME
Geographic name TOKYO
690 ## - LOCAL SUBJECT ADDED ENTRY--TOPICAL TERM (OCLC, RLIN)
Topical term or geographic name as entry element PROPERTY-COMMERCIAL PROPERTY-COMMERCIAL PROPERTY MARKET
942 ## - ADDED ENTRY ELEMENTS (KOHA)
Suppress in OPAC 0
Holdings
Withdrawn status Lost status Source of classification or shelving scheme Damaged status Not for loan Home library Current library Shelving location Date acquired Total Checkouts Full call number Barcode Date last seen Copy number Price effective from Koha item type
    Dewey Decimal Classification     London London Journal article 01/08/2006   L134372 134372-1001 06/08/2019 1 06/08/2019 Journal article